000 00579nam a2200169 a 4500
008 120416s1970 ||||||||||||||||| || u
050 _aHD 82 Ina
100 _aInagabki, M
245 1 0 _aOptimal economic growth
246 _ashifting finite versus infinite time horizon
260 _aAmsterdam
_bNorth-Holland Pub
_c1970
300 _axvi, 196p.
350 _a0.00
650 _aECONOMIC GROWTH
650 0 _aECONOMICS
995 _D0.00
_FCBU-MAIN LIBRARY (Kitwe)
_H1
_I0.00
_M1
_UAVAILABLE
_ZAnnex Low-Usage Collection
999 _c52719
_d52719